عرض عادي
عرض مارك
- Harmsen, Jan,
مدخل إسم شخص
001 - رقم الضبط
- حقل الضبط: 41507
003 - معرف رقم الضبط
- حقل الضبط: OSt
005 - تاريخ ووقت أخر عملية
- حقل الضبط: 20140106193639.0
008 - عناصر بيانات ثابتة الطول
- حقل تحكم ثابت الطول: 140106|||a|||||| | ||| d
040 ## - مصدر الفهرسة
- هيئة الفهرسة الأصلية: OSt
- وكالة الكتابة: OSt
100 ## - مدخل -- أسم شخص
- إسم شخص: Harmsen, Jan,
- تواريخ مرتبطة بالاسم: 1950-
670 ## - بيانات المصدر موجوده
- الاستشهاد بالمصدر: Work cat.: (OSt)0: Jonker, Gerald. 41505, Engineering for sustainability :, 2012.
